| 000 | 00642nam a2200241Ia 4500 | ||
|---|---|---|---|
| 005 | 20260121112947.0 | ||
| 008 | 10173 260114s9999 xx 000 0 eng d | ||
| 020 | _a9789812819611 | ||
| 037 | _aEBOOK | ||
| 040 |
_aCRL _beng _cCRL |
||
| 041 |
_aeng _2eng |
||
| 084 | _qCRL | ||
| 100 |
_aMa Ronald _9965968 |
||
| 245 | 0 | _aFinancial Reporting in the Pacific Asia Region | |
| 260 | _bWorld Scientific | ||
| 260 | _bWSPC | ||
| 260 | _c1997 | ||
| 650 |
_aEconomics & Finance _9965969 |
||
| 856 | _uhttps://www.worldscientific.com/worldscibooks/10.1142/3421#t=toc | ||
| 942 | _cEBOOK | ||
| 999 |
_c1547473 _d1547473 |
||